A handbook for writing research proposal . / (Record no. 2576)

MARC details
000 -LEADER
fixed length control field 00944nam a22001457a 4500
008 - FIXED-LENGTH DATA ELEMENTS--GENERAL INFORMATION
fixed length control field 121123t xxu||||| |||| 00| 0 eng d
020 ## - INTERNATIONAL STANDARD BOOK NUMBER
International Standard Book Number 978996403648
100 ## - MAIN ENTRY--PERSONAL NAME
Personal name Tagoe, Michael
245 ## - TITLE STATEMENT
Title A handbook for writing research proposal . /
Statement of responsibility, etc. Michael Tagoe
260 ## - PUBLICATION, DISTRIBUTION, ETC.
Place of publication, distribution, etc. Ghana:
Name of publisher, distributor, etc. Ghana University Press,
Date of publication, distribution, etc. 2009.
300 ## - PHYSICAL DESCRIPTION
Extent 82 p.:
Dimensions 20cm.
505 ## - FORMATTED CONTENTS NOTE
Formatted contents note Contents: Introduction -- What is a research proposal -- Format of a research proposal -- Format for writing quantitative research proposal: Format for quantitative research proposals -- Structure for a quantitative research proposal -- Format for writing qualitative research proposal: Format for qualitative research proposals -- Structure of a qualitative research proposals -- Citations and references -- Citation -- List of research references (APA format) -- Harvard style -- List of references (Harvard format). References.
650 ## - SUBJECT ADDED ENTRY--TOPICAL TERM
Topical term or geographic name entry element Proposal writing in research
942 ## - ADDED ENTRY ELEMENTS (KOHA)
Source of classification or shelving scheme Library of Congress Classification
Koha item type Books
Holdings
Withdrawn status Lost status Source of classification or shelving scheme Damaged status Not for loan Home library Current library Shelving location Date acquired Total Checkouts Barcode Date last seen Copy number Price effective from Koha item type
    Library of Congress Classification     WISCONSIN INTERNATIONAL UNIVERSITY COLLEGE, GHANA - MAIN LIBRARY WISCONSIN INTERNATIONAL UNIVERSITY COLLEGE, GHANA - MAIN LIBRARY Reference 23/11/2012   6505/12 23/11/2012 1 23/11/2012 Books
    Library of Congress Classification     WISCONSIN INTERNATIONAL UNIVERSITY COLLEGE, GHANA - MAIN LIBRARY WISCONSIN INTERNATIONAL UNIVERSITY COLLEGE, GHANA - MAIN LIBRARY Reference 22/07/2014   6994/12/13 22/07/2014 2 22/07/2014 Books

If you have any concerns or questions; kindly contact the library


© Powered by WIUC ICT DIRECTORATE